000
00288cam a2200121ua 4500
082
_a
631.3
_b
CUL/FA
100
_a
Culpin, Claude .
_9
1073
245
_a
Farm Machinery /
250
_a
9 /
260
_a
London :
_b
English Language Book Society ,
_c
1976.
300
_a
410 ; .
942
_c
BK
999
_c
9174
_d
9174